MARC

LEADER 00000nam0a2200000 4500
001 80399
005 20231031094605.0
020 |a RU  |b 80-49424ж 
035 |a (RuTPU)RU\TPU\book\86412 
090 |a 80399 
100 |a 20050905d1980 m a0rusy5003 ca 
101 0 |a rus 
102 |a RU 
105 |a a z 001zy 
200 1 |a Использование аэрокосмической информации в исследованиях вод суши  |e сборник статей  |f СССР, Государственный комитет по гидрометеорологии и контролю природной среды (Госкомгидромет СССР) ; Государственный гидрологический институт (ГГИ) ; под ред. В. В. Куприянова 
210 |a Ленинград  |c Гидрометеоиздат  |d 1980 
215 |a 130 с.  |c ил.  |d 21 см. 
225 1 |a Труды Государственного гидрологического института  |v Вып. 276 
320 |a Библиогр. в конце ст. 
610 1 |a гидрологические исследования 
610 1 |a летательные аппараты 
610 1 |a аэрометоды 
610 1 |a сборники 
610 1 |a вода 
610 1 |a суша 
610 1 |a космическая информация 
675 |a 551.46/.49  |z rus 
702 1 |a Куприянов  |b В. В.  |g Всеволод Владимирович  |4 340 
712 0 1 |a СССР  |b Государственный комитет по гидрометеорологии и контролю природной среды (Госкомгидромет СССР)  |c (Москва)  |c (1978-1991)  |2 stltpush  |3 (RuTPU)RU\TPU\col\11538 
712 0 2 |a Государственный гидрологический институт (ГГИ)  |c (Санкт-Петербург)  |2 stltpush  |3 (RuTPU)RU\TPU\col\7764 
801 0 |a RU  |b RuMRKP  |c 19950704  |g psbo 
801 1 |a RU  |b 63413507  |c 20050905  |g PSBO 
801 2 |a RU  |b 63413507  |c 20110609  |g PSBO 
942 |c BK